A great fight neer the city of Dublin in Ireland, : between the Princes forces commanded by the Marquesse of Ormond, and the Parliaments forces under the conduct of Col. Jones; with the particulars thereof, and the names of those regiments who yeelded upon quarter, to march away without arms, with their hands in their pockets. Also terrible newes from the north of England, and another great army raising in Scotland.

Bibliographic Details
Format: eBook
Language:English
Published: Imprinted at London : for R.W., May 2. 1649.
Series:Early English books online.
Subjects:
Online Access:Connect to the full text of this electronic book

MARC

Tag First Indicator Second Indicator Subfields
LEADER 00000nam a2200000 4500
001 in00004281908
005 20200813080300.0
006 m g d
007 cr bn |||a|bb|
008 940112s1649 enk o 00| | eng d
035 |a (UnM)99865029 
037 |a CL0051000003  |b ProQuest Information and Learning. 300 N. Zeeb Rd., Ann Arbor, MI 48106 
040 |a Cu-RivES  |c Cu-RivES  |d CStRLIN  |e dcrb  |d WaOLN 
245 0 2 |a A great fight neer the city of Dublin in Ireland, :  |b between the Princes forces commanded by the Marquesse of Ormond, and the Parliaments forces under the conduct of Col. Jones; with the particulars thereof, and the names of those regiments who yeelded upon quarter, to march away without arms, with their hands in their pockets. Also terrible newes from the north of England, and another great army raising in Scotland. 
260 |a Imprinted at London :  |b for R.W.,  |c May 2. 1649. 
300 |a 1 online resource ([2], 6 pages) 
336 |a text  |b txt  |2 rdacontent 
337 |a computer  |b c  |2 rdamedia 
338 |a online resource  |b cr  |2 rdacarrier 
500 |a Reproduction of the original in the British Library. 
510 4 |a Wing (2nd edition)  |c G1704. 
510 4 |a Thomason  |c E.552[25]. 
533 |a Electronic reproduction.  |b Ann Arbor, Mich. :  |c UMI,  |d 1999-  |f (Early English books online)  |n Digital version of: (Thomason Tracts ; 85:E552[25])  |7 s1999 miun s 
610 1 0 |a England and Wales.  |b Army  |v Early works to 1800. 
651 4 |a Great Britain  |x History  |y Commonwealth and Protectorate, 1649-1660. 
830 0 |a Early English books online. 
856 4 0 |u http://proxy.library.tamu.edu/login?url=https://search.proquest.com/docview/2248540160  |z Connect to the full text of this electronic book  |t 0 
999 f f |s 203c9c23-914a-3066-a92c-2a74aea63d86  |i 8968166a-b55f-3fff-bd47-ce7db2d779a9  |t 0 
952 f f |a Texas A&M University  |b College Station  |c Electronic Resources  |d Available Online  |t 0  |h No information provided 
998 f f |t 0  |l Available Online